Human resources and labor markets : labor and manpower in the American economy /

Bibliographic Details
Main Author: Levitan, Sar A.
Other Authors: Mangum, Garth L., Marshall, F. Ray
Format: Book
Language:English
Published: New York : Harper & Row, [1976]
Edition:2d ed.
Subjects:

MARC

Tag First Indicator Second Indicator Subfields
LEADER 00000pam a2200000 i 4500
001 in00000417921
005 20151012053700.0
008 750708s1976 nyua b 00110 eng
010 |a  75022175  
020 |a 0060439998 
035 |a (OCoLC)01530769 
035 |9 ABU5225AM 
040 |a DLC  |c DLC  |d m.c.  |d TXA  |d UtOrBLW 
043 |a n-us--- 
049 |a TXAM  |c [1472686] 
050 0 0 |a HD5724  |b .L4228 1976 
082 0 |a 331.1/0973 
100 1 |a Levitan, Sar A. 
245 1 0 |a Human resources and labor markets :  |b labor and manpower in the American economy /  |c Sar A. Levitan, Garth L. Mangum, Ray Marshall. 
250 |a 2d ed. 
264 1 |a New York :  |b Harper & Row,  |c [1976] 
264 4 |c ©1976 
300 |a xx, 631 pages :  |b illustrations ;  |c 24 cm. 
336 |a text  |b txt  |2 rdacontent 
337 |a unmediated  |b n  |2 rdamedia 
338 |a volume  |b nc  |2 rdacarrier 
500 |a Includes indexes. 
504 |a Bibliography: pages 601-610. 
650 0 |a Labor supply  |z United States. 
650 0 |a Manpower policy  |z United States. 
650 0 |a Labor economics. 
700 1 |a Mangum, Garth L. 
700 1 |a Marshall, F. Ray. 
999 |a MARS 
999 f f |s 6c3582b3-cf65-371b-8b42-007ec1e8d06b  |i 6cc32b94-bb79-3bd4-90ac-25c96d39c1ae  |t 0 
952 f f |p ric  |a Texas A&M University  |b Rellis Campus  |c Joint Library Facility  |d Remote Storage  |t 0  |e HD5724 .L4228 1976  |h Library of Congress classification  |i unmediated -- volume  |m A14802682651 
998 f f |a HD5724 .L4228 1976  |t 0  |l Remote Storage